| 000 | 00856cam a22002655a 4500 | ||
|---|---|---|---|
| 001 | 016974610 | ||
| 003 | OSt | ||
| 005 | 20150621120911.0 | ||
| 008 | 141125t2015 flua frb 001 0 eng d | ||
| 020 | _a9781439895993 (hbk.) | ||
| 040 |
_aStDuBDS _beng _cStDuBDS _dEG-ScBUE |
||
| 082 | 0 | 4 |
_a003.1 _bTAN _222 |
| 100 | 1 |
_aTangirala, Arun K., _938181 _d1974- |
|
| 245 | 1 | 0 |
_aPrinciples of system identification : _btheory and practice / _cArun K. Tangirala. |
| 260 |
_aBacon Raton : _bCRC Press / Taylor & Francis Group, _cc.2015. |
||
| 300 |
_axxxiii, 858 p. : _bill. (col.) ; _c26 cm. |
||
| 500 | _aIndex : p. 829-858. | ||
| 504 | _aBibliography : p. 815-828. | ||
| 650 | 0 |
_aSystem identification. _2BUEsh |
|
| 650 | 0 |
_aLinear systems. _2BUEsh |
|
| 651 | _2BUEsh | ||
| 653 |
_bENGELC _cJune2015 |
||
| 655 |
_vreading book _934232 |
||
| 942 |
_2ddc _k003.1 TAN |
||
| 999 |
_c19597 _d19569 |
||